Методические рекомендации по геолого-геохимическому изучению гидротермально-метасоматических образований при ГСР-50 с общими поисками

Dettagli Bibliografici
Ente Autore: Всероссийский научно-исследовательский геологический институт им. А. П. Карпинского (ВСЕГЕИ)
Altri autori: Плющев Е. В. (составитель), Шатов В. В., Беляев Г. М.
Lingua:russo
Pubblicazione: СПб., ВСЕГЕИ, 1992
Soggetti:
Natura: MixedMaterials Libro
KOHA link:https://koha.lib.tpu.ru/cgi-bin/koha/opac-detail.pl?biblionumber=165519

MARC

LEADER 00000nam0a2200000 4500
001 165519
005 20231031161817.0
035 |a (RuTPU)RU\TPU\book\179547 
090 |a 165519 
100 |a 20090919d1992 m y0rusy50 ca 
101 0 |a rus 
102 |a RU 
105 |a a j 001zy 
200 1 |a Методические рекомендации по геолого-геохимическому изучению гидротермально-метасоматических образований при ГСР-50 с общими поисками  |f Всероссийский научно-исследовательский геологический институт им. А. П. Карпинского (ВСЕГЕИ); сост. Е. В. Плющев; В. В. Шатов; Г. М. Беляев 
210 |a СПб.  |c ВСЕГЕИ  |d 1992 
215 |a 64 с.  |c ил. 
320 |a Библиогр.: с. 63-64. 
610 1 |a гидротермально-метасоматические образования 
610 1 |a геолого-геохимическое изучение 
610 1 |a картирование 
610 1 |a прогнозные ресурсы 
610 1 |a оценка 
610 1 |a ГСР-50 
610 1 |a расчеты 
675 |a 553.2.065  |v 3 
702 1 |a Плющев  |b Е. В.  |4 220 
702 1 |a Шатов  |b В. В.  |4 220 
702 1 |a Беляев  |b Г. М.  |4 220 
712 0 2 |a Всероссийский научно-исследовательский геологический институт им. А. П. Карпинского (ВСЕГЕИ)  |c (Санкт-Петербург)  |2 stltpush  |3 (RuTPU)RU\TPU\col\414 
801 1 |a RU  |b 63413507  |c 20090919 
801 2 |a RU  |b 63413507  |c 20100126  |g RCR 
942 |c BK